[Event "XL C.to Italiano"]
[Site "Napoli ITA"]
[Date "1981.03.??"]
[Round "4"]
[White "Arlandi, Ennio"]
[Black "Sanna, Gianlazzaro"]
[Result "1/2-1/2"]
[WhiteElo "2365"]
[BlackElo "2335"]
[PlyCount "67"]
[EventDate "1981.03.14"]

1. d4 Nf6 2. c4 e6 3. Nf3 b6 4. Bf4 Bb7 5. e3 Be7 6. h3 O-O 7. Nc3 d5 8. cxd5
exd5 9. Bd3 c5 10. O-O Nc6 11. Ne5 a6 12. Qf3 Re8 13. Rad1 cxd4 14. Nxc6 Bxc6
15. exd4 b5 16. a3 Ne4 17. Bb1 Qb6 18. Rfe1 Nxc3 19. Qxc3 b4 20. Qg3 bxa3 21.
bxa3 g6 22. Be5 Bf8 23. Re3 Bg7 24. Qf4 Bxe5 25. dxe5 Rad8 26. Rf3 Qc7 27. Rc1
Rxe5 28. Re3 Rde8 29. Rxc6 Qxc6 30. Rxe5 Rxe5 31. Qxe5 Qc1+ 32. Kh2 Qxb1 33.
Qxd5 Qb8+ 34. g3 1/2-1/2

[Event "XL C.to Italiano"]
[Site "Napoli ITA"]
[Date "1981.03.??"]
[Round "4"]
[White "Bruno, Fabio"]
[Black "Messa, Roberto"]
[Result "1-0"]
[WhiteElo "2265"]
[BlackElo "2300"]
[PlyCount "91"]
[EventDate "1981.03.14"]

1. Nf3 Nf6 2. c4 e6 3. d4 c5 4. Nc3 d5 5. e3 Nc6 6. a3 cxd4 7. Nxd4 Be7 8. cxd5
exd5 9. Be2 O-O 10. O-O Ne5 11. Nf3 Nxf3+ 12. Bxf3 Be6 13. b4 a5 14. b5 Qb6 15.
Qd3 Rfd8 16. Na4 Qd6 17. Bb2 Nd7 18. Rfd1 Ne5 19. Bxe5 Qxe5 20. Nb6 Bd6 21.
Nxa8 Qxh2+ 22. Kf1 Rxa8 23. Ke2 Qe5 24. Bxd5 Qb2+ 25. Kf1 Bg4 26. Bf3 Bxf3 27.
gxf3 Bf8 28. a4 Rc8 29. Rab1 Qf6 30. f4 Qh4 31. Qe4 b6 32. Rbc1 Qg4 33. Qg2 Qh5
34. Kg1 Rc2 35. Qg5 Qf3 36. Qg3 Qh5 37. Qg2 Qc5 38. Rxc2 Qxc2 39. Rd4 g6 40.
Qg5 h6 41. Qf6 Qe2 42. f5 Bg7 43. Rd8+ Kh7 44. fxg6+ fxg6 45. Qe7 h5 46. Rd6
1-0

[Event "XL C.to Italiano"]
[Site "Napoli ITA"]
[Date "1981.03.??"]
[Round "4"]
[White "Ceschia, Ivano"]
[Black "Iannaccone, Ernesto"]
[Result "1/2-1/2"]
[WhiteElo "2280"]
[BlackElo "2270"]
[PlyCount "76"]
[EventDate "1981.03.14"]

1. e4 e5 2. Nf3 Nc6 3. Bb5 a6 4. Bxc6 dxc6 5. O-O Qd6 6. d3 f6 7. Be3 Be6 8.
Nbd2 Ne7 9. Qe2 Ng6 10. d4 exd4 11. Nxd4 Bf7 12. Nf5 Qe6 13. Bc5 Rg8 14. Bxf8
Nxf8 15. Nb3 Nd7 16. Qe3 Bg6 17. Rfe1 Bxf5 18. Nd4 Qe7 19. exf5 Qxe3 20. Rxe3+
Kf7 21. Ne6 Rac8 22. f4 Rge8 23. Rae1 Nf8 24. Kf2 Kg8 25. g4 Re7 26. h4 b6 27.
Nxf8 Rxe3 28. Rxe3 Kxf8 29. Re6 c5 30. g5 Rd8 31. Ke3 fxg5 32. fxg5 Rd4 33. Re4
Rd1 34. Rf4 Ra1 35. Kd3 Rxa2 36. b3 Ra1 37. f6 Rh1 38. fxg7+ Kxg7 1/2-1/2

[Event "XL C.to Italiano"]
[Site "Napoli ITA"]
[Date "1981.03.??"]
[Round "4"]
[White "Passerotti, Pierluigi"]
[Black "Ianniello, Riccardo"]
[Result "1/2-1/2"]
[WhiteElo "2320"]
[BlackElo "2285"]
[PlyCount "153"]
[EventDate "1981.03.14"]

1. e4 e5 2. Nf3 d6 3. d4 Nd7 4. Bc4 Nb6 5. Bb3 Bg4 6. dxe5 Qe7 7. Bg5 f6 8.
exf6 Qxe4+ 9. Kd2 O-O-O 10. fxg7 Bxg7 11. Nc3 Bxc3+ 12. bxc3 Nf6 13. h3 Bd7 14.
Kc1 h6 15. Re1 Qg6 16. Bh4 Rdf8 17. Be6 Ne4 18. Bxd7+ Nxd7 19. Qd4 Ndc5 20. Nd2
Nxd2 21. Kxd2 Qxg2 22. Re3 Qc6 23. Rae1 b6 24. Re7 Kb7 25. Bg3 Rc8 26. Kc1 Rhd8
27. Rh7 d5 28. Ree7 Na6 29. Bf4 Rg8 30. Rd7 Rgd8 31. Rxd8 Rxd8 32. Rxh6 Qb5 33.
a4 Qf1+ 34. Kb2 Rd7 35. Rh5 Nc5 36. h4 c6 37. Re5 Qa6 38. Ka3 Qf1 39. Kb2 Qa6
40. Ka3 Qf1 41. Ka2 Qa6 42. Re8 Qxa4+ 43. Qxa4 Nxa4 44. Be5 Rh7 45. Rb8+ Ka6
46. Rh8 Rf7 47. f4 Nc5 48. Rh6 Kb7 49. h5 Nd7 50. Rg6 Nxe5 51. fxe5 Rf5 52.
Rg7+ Ka6 53. Rc7 c5 54. h6 Rxe5 55. h7 Rh5 56. Rd7 Rh2 57. Kb2 c4 58. Kc1 b5
59. Kb2 Kb6 60. Kc1 a5 61. Rxd5 Rxh7 62. Rg5 b4 63. Kb2 Rd7 64. Rg8 Rd6 65.
Rb8+ Kc5 66. Rh8 Re6 67. Rh5+ Kb6 68. Rh8 Re3 69. cxb4 axb4 70. Rb8+ Kc5 71.
Rc8+ Kd5 72. Rd8+ Ke4 73. Re8+ Kf3 74. Rb8 b3 75. cxb3 Rxb3+ 76. Rxb3+ cxb3 77.
Kxb3 1/2-1/2

[Event "XL C.to Italiano"]
[Site "Napoli ITA"]
[Date "1981.03.??"]
[Round "4"]
[White "Rupeni, Franco"]
[Black "Trabattoni, Franco"]
[Result "0-1"]
[WhiteElo "2205"]
[BlackElo "2330"]
[PlyCount "76"]
[EventDate "1981.03.14"]

1. e4 c5 2. Nf3 d6 3. Bb5+ Nd7 4. d4 Ngf6 5. Nc3 a6 6. e5 cxd4 7. Qxd4 axb5 8.
exf6 Nxf6 9. Bg5 Bd7 10. O-O Bc6 11. Bxf6 gxf6 12. Rfe1 e6 13. Nh4 Be7 14. Re3
d5 15. Nf5 b4 16. Nxe7 Qxe7 17. Ne2 Rg8 18. Ng3 Kd7 19. Ne4 e5 20. Nc5+ Kc8 21.
Qxb4 d4 22. Rg3 Rxg3 23. hxg3 Ra4 24. Qb6 Rc4 25. Nd3 Qc7 26. Qb3 Ba4 27. Qa3
Bxc2 28. Nb4 Qc5 29. Qa8+ Kc7 30. a3 Bg6 31. Qh8 d3 32. Qxf6 d2 33. Rd1 Rc1 34.
Qf3 Rxd1+ 35. Qxd1 Qc1 36. Nd5+ Kb8 37. Ne3 Bc2 38. Qf1 Bd3 0-1

[Event "XL C.to Italiano"]
[Site "Napoli ITA"]
[Date "1981.03.??"]
[Round "4"]
[White "Sartori, Spartaco"]
[Black "Pantaleoni, Claudio"]
[Result "1-0"]
[WhiteElo "2275"]
[BlackElo "2190"]
[PlyCount "71"]
[EventDate "1981.03.14"]

1. c4 Nf6 2. Nc3 d6 3. d4 Bf5 4. Nf3 Nbd7 5. g3 e5 6. Bg2 c6 7. O-O Be7 8. Nh4
Bg6 9. e4 O-O 10. Be3 Re8 11. d5 cxd5 12. cxd5 a6 13. a4 a5 14. Qe2 Rc8 15.
Rfc1 Nc5 16. Bh3 Nfd7 17. Nxg6 hxg6 18. Qb5 Ra8 19. Rc2 b6 20. Qc4 Nb8 21. b4
axb4 22. Qxb4 Nbd7 23. Rca2 Nd3 24. Qb1 N3c5 25. Rb2 Ra6 26. Bf1 Ra7 27. Bb5
Rf8 28. Bxd7 Qxd7 29. Bxc5 bxc5 30. a5 Bd8 31. a6 Bc7 32. Rb7 Rfa8 33. Rxa7
Rxa7 34. Qb5 Qd8 35. Qc6 Bb8 36. Nb5 1-0

[Event "XL C.to Italiano"]
[Site "Napoli ITA"]
[Date "1981.03.??"]
[Round "4"]
[White "Taruffi, Daniele"]
[Black "Tatai, Stefano"]
[Result "1-0"]
[WhiteElo "2325"]
[BlackElo "2420"]
[PlyCount "73"]
[EventDate "1981.03.14"]

1. e4 c5 2. c3 e6 3. d4 d5 4. exd5 Qxd5 5. Nf3 Nf6 6. Na3 Qd8 7. Be2 Nc6 8. O-O
cxd4 9. cxd4 Be7 10. Bg5 O-O 11. Rc1 Nd5 12. Bxe7 Qxe7 13. Bd3 Rd8 14. Nc4 Bd7
15. Bb1 Be8 16. Re1 Rac8 17. a3 Nf6 18. Qd2 b5 19. Ne3 Qd6 20. Nc2 h6 21. Rcd1
Qb8 22. Qe3 b4 23. Qb3 bxa3 24. Qxa3 Rd5 25. Ne3 Ra5 26. Qd3 Nb4 27. Qd2 Rd8
28. Rc1 Bc6 29. Nc4 Rb5 30. Nfe5 Bd5 31. Rc3 Qb7 32. Rg3 Kf8 33. Qe3 Nc6 34.
Qa3+ Ne7 35. Nd6 Rxd6 36. Qxd6 Rxb2 37. Qd8+ 1-0

[Event "XL C.to Italiano"]
[Site "Napoli ITA"]
[Date "1981.03.??"]
[Round "4"]
[White "Toth, Bela"]
[Black "Martorelli, Antonio"]
[Result "1-0"]
[WhiteElo "2420"]
[BlackElo "2320"]
[PlyCount "139"]
[EventDate "1981.03.14"]

1. d4 Nf6 2. c4 c5 3. d5 b5 4. cxb5 a6 5. bxa6 Bxa6 6. g3 d6 7. Bg2 g6 8. b3
Bg7 9. Bb2 O-O 10. Nh3 Nbd7 11. O-O Nb6 12. Nf4 Qb8 13. Bc3 Rc8 14. h4 Bb5 15.
Re1 Be8 16. e4 Nfd7 17. Bxg7 Kxg7 18. Nd2 c4 19. Nf3 Ne5 20. Bh3 Rc7 21. Nd4
Rca7 22. Qd2 Bd7 23. Bxd7 Nbxd7 24. bxc4 Nxc4 25. Qc3 Nde5 26. Nc6 Qb2 27. Qxb2
Nxb2 28. Nxa7 Nf3+ 29. Kf1 Nxe1 30. Nc6 Nc2 31. Rc1 Na3 32. Nxe7 Nac4 33. Rc2
Rxa2 34. Kg2 Ra4 35. Nc6 Ra6 36. Re2 Kf6 37. Nh3 Nd3 38. f4 h6 39. Ng1 Rb6 40.
Nf3 Rb5 41. e5+ Kg7 42. e6 fxe6 43. dxe6 Rb2 44. Rxb2 Ne3+ 45. Kh3 Nxb2 46. e7
Kf7 47. h5 gxh5 48. Nfd4 Nbc4 49. Kh4 d5 50. Kxh5 Nd6 51. g4 Ne8 52. Ne5+ Kxe7
53. Kxh6 Nd6 54. Kg6 Ne4 55. Nf5+ Nxf5 56. Kxf5 Nd6+ 57. Kg6 Ke6 58. Nf3 Nb5
59. f5+ Ke7 60. f6+ Kf8 61. Ng5 Nd6 62. f7 Ke7 63. Kg7 Nxf7 64. Nxf7 Ke6 65. g5
d4 66. g6 d3 67. Ng5+ Kf5 68. Nf3 Kf4 69. Nd2 Ke3 70. Nb3 1-0

[Event "XL C.to Italiano"]
[Site "Napoli ITA"]
[Date "1981.03.??"]
[Round "4"]
[White "Vallifuoco, Giacomo"]
[Black "Bonfa', Ileano"]
[Result "1-0"]
[WhiteElo "2270"]
[BlackElo "2240"]
[PlyCount "53"]
[EventDate "1981.03.14"]

1. c4 Nf6 2. Nc3 g6 3. e4 c5 4. Nf3 Nc6 5. d4 cxd4 6. Nxd4 d6 7. Nc2 Bg7 8. Be2
Nd7 9. Bd2 O-O 10. O-O Nc5 11. f3 a5 12. Ne3 f5 13. exf5 gxf5 14. Ned5 Kh8 15.
Re1 Rg8 16. Bf1 Bd7 17. Kh1 e6 18. Nf4 Be5 19. Be3 Qh4 20. Nce2 Rad8 21. Qd2 b6
22. Rab1 Nb4 23. g3 Rxg3 24. Nxg3 Bc6 25. Ng2 Bxf3 26. Bg5 Qh3 27. Rxe5 1-0

[Event "XL C.to Italiano"]
[Site "Napoli ITA"]
[Date "1981.03.??"]
[Round "5"]
[White "Bonfa', Ileano"]
[Black "Ceschia, Ivano"]
[Result "0-1"]
[WhiteElo "2240"]
[BlackElo "2280"]
[PlyCount "80"]
[EventDate "1981.03.14"]

1. e4 c5 2. Nf3 d6 3. d4 cxd4 4. Nxd4 Nf6 5. Nc3 a6 6. Bg5 e6 7. f4 Qc7 8. Qf3
b5 9. Bxf6 gxf6 10. O-O-O b4 11. Nce2 Bb7 12. Ng3 Nc6 13. f5 e5 14. Nxc6 Qxc6
15. Kb1 Rc8 16. Bd3 Qc5 17. Nf1 a5 18. Ne3 Bh6 19. Ng4 Bg7 20. Qe2 Ke7 21. Rhe1
a4 22. Ne3 a3 23. Nc4 Rhd8 24. Qe3 axb2 25. Nb6 Rc7 26. Qxc5 dxc5 27. Kxb2 Bc6
28. c3 Rb7 29. Nc4 Rbd7 30. Na5 Ba8 31. Bc2 Rxd1 32. Bxd1 Rd2+ 33. Kb3 Rd3 34.
Ka4 Rxc3 35. Kb5 Bh6 36. Bb3 Be3 37. Nc6+ Bxc6+ 38. Kxc6 c4 39. Ba4 Ra3 40. Bb5
Bd2 0-1

[Event "XL C.to Italiano"]
[Site "Napoli ITA"]
[Date "1981.03.??"]
[Round "5"]
[White "Cocchi, Andrea"]
[Black "Bruno, Fabio"]
[Result "0-1"]
[WhiteElo "2245"]
[BlackElo "2265"]
[PlyCount "103"]
[EventDate "1981.03.14"]

1. c4 Nf6 2. Nc3 e6 3. Nf3 c5 4. g3 b6 5. Bg2 Bb7 6. O-O Be7 7. d4 cxd4 8. Nxd4
Bxg2 9. Kxg2 a6 10. e4 Qc7 11. Qe2 d6 12. Be3 Nbd7 13. Rac1 O-O 14. f3 Rac8 15.
b3 Qb7 16. Rfd1 Rfe8 17. Bf2 Bf8 18. Qd2 Rc7 19. Nc2 Rec8 20. Ne3 b5 21. cxb5
axb5 22. Ne2 Ne5 23. Qd4 Rc5 24. Rxc5 Rxc5 25. Rc1 Nxf3 26. Kxf3 Re5 27. Nc3
Nxe4 28. Nxe4 f5 29. Ke2 Rxe4 30. Qc3 d5 31. Qc8 Qxc8 32. Rxc8 d4 33. Kd3 dxe3
34. Bxe3 Kf7 35. Rb8 b4 36. Bd2 e5 37. Rc8 Rd4+ 38. Ke2 Rd7 39. Be3 Bd6 40. Bf2
Ke6 41. Ra8 g5 42. h3 f4 43. Kf3 Rc7 44. Re8+ Kd5 45. Kg4 Rc2 46. Bb6 Rg2 47.
Kxg5 Rxg3+ 48. Kf5 Rxh3 49. Rd8 Kc6 50. Bg1 Rh5+ 51. Ke4 Rg5 52. Rc8+ 0-1

[Event "XL C.to Italiano"]
[Site "Napoli ITA"]
[Date "1981.03.??"]
[Round "5"]
[White "Iannaccone, Ernesto"]
[Black "Taruffi, Daniele"]
[Result "1/2-1/2"]
[WhiteElo "2270"]
[BlackElo "2325"]
[PlyCount "45"]
[EventDate "1981.03.14"]

1. Nf3 d5 2. d4 c6 3. c4 dxc4 4. Nc3 b5 5. a4 Qb6 6. axb5 cxb5 7. b3 cxb3 8.
Qxb3 a6 9. Nxb5 Nd7 10. Bf4 Rb8 11. Bxb8 Qxb8 12. e3 e6 13. Ne5 Ngf6 14. Qa4
axb5 15. Bxb5 Bd6 16. O-O Bxe5 17. dxe5 Qxe5 18. Bxd7+ Nxd7 19. Rac1 O-O 20.
Rxc8 Rxc8 21. Qxd7 Qc7 22. Qxc7 Rxc7 23. e4 1/2-1/2

[Event "XL C.to Italiano"]
[Site "Napoli ITA"]
[Date "1981.03.??"]
[Round "5"]
[White "Ianniello, Riccardo"]
[Black "Trabattoni, Franco"]
[Result "1/2-1/2"]
[WhiteElo "2285"]
[BlackElo "2330"]
[PlyCount "98"]
[EventDate "1981.03.14"]

1. e4 c5 2. Nf3 Nc6 3. Be2 g6 4. O-O Bg7 5. c3 Nf6 6. e5 Nd5 7. d4 cxd4 8. cxd4
d6 9. exd6 Qxd6 10. Nc3 O-O 11. Nxd5 Qxd5 12. Be3 Bf5 13. Qa4 Bd7 14. Rfd1 Rac8
15. Qa3 Rfd8 16. Rac1 Qa5 17. d5 Qxa3 18. bxa3 Na5 19. Bxa7 Ba4 20. Bb6 Bxd1
21. Rxd1 Ra8 22. Bxd8 Rxd8 23. g3 Rc8 24. d6 exd6 25. Rxd6 Rc2 26. Bb5 Rxa2 27.
Rd8+ Bf8 28. Ne5 Nc6 29. Bxc6 bxc6 30. Nd7 Kg7 31. Nxf8 Ra1+ 32. Kg2 Rxa3 33.
Kf1 c5 34. Ke2 c4 35. Rc8 Rd3 36. h4 Rd6 37. Nxg6 hxg6 38. Rxc4 Rd5 39. Kf3 Ra5
40. Kg4 Rb5 41. f4 Ra5 42. Rc7 Rb5 43. Rd7 Kf6 44. Rd1 Ra5 45. Rh1 Rh5 46. Rh2
Kg7 47. Kh3 Ra5 48. Re2 Kf6 49. Re3 Rb5 1/2-1/2

[Event "XL C.to Italiano"]
[Site "Napoli ITA"]
[Date "1981.03.??"]
[Round "5"]
[White "Pantaleoni, Claudio"]
[Black "Messa, Roberto"]
[Result "1-0"]
[WhiteElo "2190"]
[BlackElo "2300"]
[PlyCount "101"]
[EventDate "1981.03.14"]

1. e4 c6 2. d4 d5 3. Nd2 dxe4 4. Nxe4 Nf6 5. Nxf6+ gxf6 6. Be2 Bf5 7. Nf3 e6 8.
O-O Qc7 9. c4 Nd7 10. Bd2 Rg8 11. Kh1 Be4 12. b4 Bd6 13. h3 O-O-O 14. Re1 Bf4
15. Bxf4 Qxf4 16. Qc1 Qxc1 17. Raxc1 Nf8 18. Rcd1 Ng6 19. Rd2 Nf4 20. Bd1 f5
21. Rg1 Bxf3 22. Bxf3 e5 23. Rgd1 e4 24. g3 Nd3 25. Rxd3 exd3 26. Rxd3 Rge8 27.
Kg2 Re1 28. d5 f4 29. g4 Rb1 30. a3 Kc7 31. Rd4 Rb3 32. Rxf4 cxd5 33. Bxd5 Rxa3
34. Rxf7+ Rd7 35. Rf6 Rb3 36. b5 Rg7 37. Rh6 Ra3 38. Be4 a5 39. b6+ Kc8 40. Rd6
Rg8 41. Bxh7 Rh8 42. Bf5+ Kb8 43. h4 Rc3 44. Be6 a4 45. g5 a3 46. g6 Rb3 47. g7
Re8 48. Rd1 Rxb6 49. Bf7 Rc8 50. h5 a2 51. Ra1 1-0

[Event "XL C.to Italiano"]
[Site "Napoli ITA"]
[Date "1981.03.??"]
[Round "5"]
[White "Rupeni, Franco"]
[Black "Arlandi, Ennio"]
[Result "0-1"]
[WhiteElo "2205"]
[BlackElo "2365"]
[PlyCount "46"]
[EventDate "1981.03.14"]

1. e4 c5 2. Nf3 Nc6 3. Bb5 Nf6 4. e5 Nd5 5. O-O g6 6. c3 Bg7 7. d4 cxd4 8. cxd4
O-O 9. Nc3 Nc7 10. Ba4 d6 11. Bxc6 bxc6 12. Qa4 Bd7 13. exd6 exd6 14. Bg5 Qb8
15. Be7 Re8 16. Bxd6 Qxb2 17. Bxc7 Qxc3 18. Ne5 Be6 19. Ba5 Qb2 20. Nxc6 Bd5
21. Nb4 Bc4 22. Rfe1 Re2 23. Rab1 Bxd4 0-1

[Event "XL C.to Italiano"]
[Site "Napoli ITA"]
[Date "1981.03.??"]
[Round "5"]
[White "Sanna, Gianlazzaro"]
[Black "Passerotti, Pierluigi"]
[Result "1/2-1/2"]
[WhiteElo "2335"]
[BlackElo "2320"]
[PlyCount "112"]
[EventDate "1981.03.14"]

1. c4 e6 2. Nf3 d5 3. d4 Nf6 4. g3 dxc4 5. Bg2 c5 6. O-O Nc6 7. Qa4 Bd7 8. Qxc4
b5 9. Qd3 c4 10. Qc2 Rc8 11. e4 Nb4 12. Qe2 Nd3 13. Nbd2 Be7 14. Ne5 Nxc1 15.
Raxc1 O-O 16. Ndf3 Qb6 17. Rfd1 Be8 18. d5 Rd8 19. dxe6 Qxe6 20. Rxd8 Bxd8 21.
Qe3 Bc7 22. Nd3 Bb6 23. Nc5 Qe7 24. b4 Nd7 25. Nd4 Nxc5 26. Nf5 Qc7 27. bxc5
Bxc5 28. Qd2 Bb6 29. Nxg7 Qd7 30. Qf4 f6 31. Nxe8 Qxe8 32. Rd1 Qe7 33. Qg4+ Qg7
34. Qe6+ Qf7 35. Qg4+ Qg6 36. Qd7 Rd8 37. Qe6+ Qf7 38. Rxd8+ Bxd8 39. Qc6 Qc7
40. Qxb5 c3 41. Qb3+ Kg7 42. Qc2 Qc5 43. Bf3 Bb6 44. Bd1 Qb4 45. Kg2 Qb2 46. f4
h6 47. Kf3 Qxc2 48. Bxc2 Bd4 49. g4 Bc5 50. e5 fxe5 51. fxe5 Bd4 52. Kf4 Bg1
53. h3 Bd4 54. Kf5 Be3 55. h4 Bf2 56. g5 Bxh4 1/2-1/2

[Event "XL C.to Italiano"]
[Site "Napoli ITA"]
[Date "1981.03.??"]
[Round "5"]
[White "Sartori, Spartaco"]
[Black "Martorelli, Antonio"]
[Result "0-1"]
[WhiteElo "2275"]
[BlackElo "2320"]
[PlyCount "48"]
[EventDate "1981.03.14"]

1. c4 e5 2. Nc3 Nf6 3. Nf3 Nc6 4. d3 d5 5. cxd5 Nxd5 6. g3 Nb6 7. Bg2 Be7 8.
O-O O-O 9. Be3 f5 10. b4 Bf6 11. Rc1 Kh8 12. a3 Nd4 13. Nd2 c6 14. Nb3 f4 15.
Bxd4 exd4 16. Ne4 Bg4 17. Nbc5 Rf7 18. b5 Be5 19. bxc6 bxc6 20. Na6 Rc8 21. Nb4
Qe8 22. Ng5 Rf5 23. Nf3 c5 24. Na6 Qb5 0-1

[Event "XL C.to Italiano"]
[Site "Napoli ITA"]
[Date "1981.03.??"]
[Round "5"]
[White "Tatai, Stefano"]
[Black "Sibilio, Mario"]
[Result "1-0"]
[WhiteElo "2420"]
[BlackElo "2440"]
[PlyCount "149"]
[EventDate "1981.03.14"]

1. d4 g6 2. c4 Bg7 3. Nc3 d6 4. e4 Nc6 5. Nge2 e5 6. d5 Nce7 7. h4 h5 8. Ng3 c5
9. dxc6 bxc6 10. Be3 Nh6 11. Be2 f5 12. Bg5 f4 13. Nf1 Nf7 14. Qd2 Be6 15. Nh2
Nxg5 16. hxg5 Nc8 17. Nf3 Bg4 18. O-O-O Bxf3 19. Bxf3 Qxg5 20. c5 O-O 21. cxd6
Rd8 22. d7 Nb6 23. Qd6 Rxd7 24. Qe6+ Rf7 25. Rd6 Qf6 26. Rhd1 Qxe6 27. Rxe6 Bf6
28. Rdd6 Kg7 29. Rxc6 Rc8 30. Rxc8 Nxc8 31. Bd1 Rd7 32. Bb3 Rd6 33. Nb5 Rxe6
34. Bxe6 a6 35. Nc7 Nd6 36. f3 a5 37. a4 Bd8 38. Nd5 Nc4 39. b4 axb4 40. Nxb4
Ne3 41. Nc6 Bc7 42. a5 Nxg2 43. a6 Bb6 44. Kd2 Kf6 45. Bc8 Ne3 46. a7 Bxa7 47.
Nxa7 g5 48. Nc6 g4 49. Ke2 gxf3+ 50. Kxf3 Nc4 51. Bf5 Nd6 52. Bh3 Nf7 53. Kf2
Ng5 54. Bg2 Ke6 55. Nb4 Kd6 56. Nd3 h4 57. Ke2 Ke6 58. Nf2 Kf6 59. Kd3 Ke6 60.
Nh3 Nf7 61. Ng1 Kf6 62. Nf3 Nd8 63. Nxh4 Ne6 64. Kc4 Nd4 65. Nf3 Nc2 66. Kc5
Ne3 67. Bh3 Nd1 68. Kd6 Nc3 69. Bf5 Nb5+ 70. Kc5 Nc3 71. Nh2 Ne2 72. Kd5 Nc3+
73. Kd6 Nb5+ 74. Kc5 Nd4 75. Bc8 1-0

[Event "XL C.to Italiano"]
[Site "Napoli ITA"]
[Date "1981.03.??"]
[Round "6"]
[White "Arlandi, Ennio"]
[Black "Ianniello, Riccardo"]
[Result "1-0"]
[WhiteElo "2365"]
[BlackElo "2285"]
[PlyCount "113"]
[EventDate "1981.03.14"]

1. d4 d6 2. c4 c6 3. Nc3 g6 4. e4 Bg7 5. Nf3 Nf6 6. Be2 O-O 7. O-O Qc7 8. h3 e5
9. Be3 Re8 10. d5 c5 11. a3 a6 12. b4 b6 13. g4 h5 14. Nd2 hxg4 15. hxg4 Nh7
16. Bd3 g5 17. Kg2 Nd7 18. Rh1 Ndf8 19. f3 f6 20. Nf1 Ng6 21. Ng3 Nhf8 22. Ra2
Nf4+ 23. Kf1 N8g6 24. Nf5 Nxd3 25. Qxd3 cxb4 26. axb4 Bxf5 27. exf5 Nf4 28.
Bxf4 exf4 29. Ne4 a5 30. bxa5 Rxa5 31. Rxa5 bxa5 32. Kg2 a4 33. Rc1 Qa5 34. Qa3
Rxe4 35. fxe4 Qd2+ 36. Kf3 Qh2 37. Ra1 Qg3+ 38. Ke2 Qg2+ 39. Kd3 Qf3+ 40. Kd4
Qf2+ 41. Kc3 Qe3+ 42. Kb2 Qd2+ 43. Kb1 Qe1+ 44. Qc1 Qb4+ 45. Qb2 Qxc4 46. Qc2
Qb5+ 47. Ka2 Bf8 48. Rb1 Qa6 49. Rb8 a3 50. Rb3 Qf1 51. e5 dxe5 52. d6 Bxd6 53.
Qc8+ Bf8 54. Qe6+ Kh7 55. Qf7+ Bg7 56. Qg6+ Kg8 57. Rb8# 1-0

[Event "XL C.to Italiano"]
[Site "Napoli ITA"]
[Date "1981.03.??"]
[Round "6"]
[White "Ceschia, Ivano"]
[Black "Vallifuoco, Giacomo"]
[Result "1/2-1/2"]
[WhiteElo "2280"]
[BlackElo "2270"]
[PlyCount "54"]
[EventDate "1981.03.14"]

1. e4 c5 2. Nf3 d6 3. d4 cxd4 4. Nxd4 Nf6 5. Nc3 g6 6. Be3 Bg7 7. f3 Nc6 8. Bc4
Bd7 9. Bb3 O-O 10. Qd2 Rc8 11. h4 h5 12. O-O-O Ne5 13. Bg5 Rc5 14. Rhe1 b5 15.
Bxf6 Bxf6 16. f4 Nc4 17. Qd3 Bg4 18. e5 dxe5 19. fxe5 Bxe5 20. Ncxb5 Bf4+ 21.
Kb1 a6 22. Bxc4 Rxc4 23. Qxc4 Bxd1 24. Rxd1 axb5 25. Qf1 Qc7 26. Nxb5 Qe5 27.
Re1 Qf6 1/2-1/2

[Event "XL C.to Italiano"]
[Site "Napoli ITA"]
[Date "1981.03.??"]
[Round "6"]
[White "Martorelli, Antonio"]
[Black "Iannaccone, Ernesto"]
[Result "1/2-1/2"]
[WhiteElo "2320"]
[BlackElo "2270"]
[PlyCount "21"]
[EventDate "1981.03.14"]

1. d4 f5 2. c4 Nf6 3. Nc3 g6 4. g3 Bg7 5. Bg2 O-O 6. Nf3 d6 7. O-O Nc6 8. d5
Na5 9. Qd3 c5 10. Nd2 a6 11. a3 1/2-1/2

[Event "XL C.to Italiano"]
[Site "Napoli ITA"]
[Date "1981.03.??"]
[Round "6"]
[White "Messa, Roberto"]
[Black "Rupeni, Franco"]
[Result "1-0"]
[WhiteElo "2300"]
[BlackElo "2205"]
[PlyCount "34"]
[EventDate "1981.03.14"]

1. e4 e5 2. Nf3 Nc6 3. d4 exd4 4. Nxd4 Bc5 5. Nb3 Bb6 6. Nc3 Qf6 7. Qe2 Nge7 8.
h4 h6 9. Be3 d6 10. O-O-O Be6 11. g3 O-O-O 12. f4 Kb8 13. Bxb6 axb6 14. Bg2 g5
15. Nd5 Bxd5 16. exd5 Na7 17. fxg5 Qe5 1-0

[Event "XL C.to Italiano"]
[Site "Napoli ITA"]
[Date "1981.03.??"]
[Round "6"]
[White "Passerotti, Pierluigi"]
[Black "Bonfa', Ileano"]
[Result "1/2-1/2"]
[WhiteElo "2320"]
[BlackElo "2240"]
[PlyCount "63"]
[EventDate "1981.03.14"]

1. e4 c5 2. Nf3 d6 3. d4 cxd4 4. Nxd4 Nf6 5. Nc3 g6 6. Be3 Bg7 7. f3 O-O 8. Bc4
Nc6 9. Qd2 Bd7 10. h4 Qc7 11. Bb3 Na5 12. O-O-O Nc4 13. Bxc4 Qxc4 14. h5 b5 15.
Kb1 b4 16. Nce2 d5 17. h6 Bh8 18. Nf5 Bxf5 19. exf5 e5 20. Bg5 Rfd8 21. Ng3 a5
22. Ne4 Qc6 23. Nxf6+ Bxf6 24. fxg6 hxg6 25. Rhe1 Rd7 26. Bxf6 Qxf6 27. Qe2 Re8
28. Qb5 Qd8 29. Rd2 Kh7 30. Red1 d4 31. Re1 Re6 32. Qd3 1/2-1/2

[Event "XL C.to Italiano"]
[Site "Napoli ITA"]
[Date "1981.03.??"]
[Round "6"]
[White "Sibilio, Mario"]
[Black "Bruno, Fabio"]
[Result "1/2-1/2"]
[WhiteElo "2440"]
[BlackElo "2265"]
[PlyCount "198"]
[EventDate "1981.03.14"]

1. Nf3 Nf6 2. c4 e6 3. g3 b6 4. Bg2 Bb7 5. O-O c5 6. Nc3 Be7 7. Re1 d6 8. e4
Nc6 9. d4 cxd4 10. Nxd4 Nxd4 11. Qxd4 Qc7 12. b3 a6 13. Bb2 O-O 14. Rac1 Rfd8
15. Na4 Rab8 16. Nxb6 e5 17. Qe3 Bxe4 18. Bxe4 Qxb6 19. Qxb6 Rxb6 20. Bg2 Nd7
21. Bc3 Rbb8 22. Ba5 Nb6 23. Bh3 Rf8 24. f4 Bf6 25. fxe5 Bxe5 26. Kh1 f6 27.
Be6+ Kh8 28. Red1 Rfe8 29. Bg4 g6 30. b4 f5 31. Bf3 Re7 32. c5 dxc5 33. bxc5
Na8 34. Re1 Bf6 35. Rxe7 Bxe7 36. c6 Bd6 37. c7 Nxc7 38. Bxc7 Rc8 39. Rc6 Bxc7
40. Kg2 Rb8 41. Rxc7 Rb2+ 42. Kg1 Rxa2 43. Ra7 Ra1+ 44. Kf2 Ra3 45. Be2 a5 46.
Bb5 Ra2+ 47. Ke3 Rxh2 48. Kf4 Ra2 49. Rb7 Ra3 50. Kg5 Rxg3+ 51. Kf6 h5 52. Be8
Rd3 53. Bxg6 Rd8 54. Bxf5 h4 55. Rh7+ Kg8 56. Rxh4 Rf8+ 57. Kg6 Re8 58. Rg4 Re1
59. Kf6+ Kf8 60. Rh4 Rg1 61. Rh8+ Rg8 62. Rh7 Rg1 63. Rf7+ Ke8 64. Re7+ Kd8 65.
Rd7+ Ke8 66. Rc7 Rd1 67. Rc8+ Rd8 68. Rc5 Rd2 69. Re5+ Kd8 70. Rc5 Ke8 71. Rxa5
Rd6+ 72. Be6 Rd2 73. Ra8+ Rd8 74. Ra7 Rd2 75. Rc7 Rf2+ 76. Bf5 Rd2 77. Rh7 Kd8
78. Be6 Rf2+ 79. Ke5 Ke8 80. Rg7 Re2+ 81. Kd6 Rd2+ 82. Bd5 Rf2 83. Rg8+ Rf8 84.
Rg2 Rf6+ 85. Be6 Rf1 86. Rg8+ Rf8 87. Rg7 Rf2 88. Ra7 Rd2+ 89. Ke5 Re2+ 90. Kf6
Rf2+ 91. Bf5 Rd2 92. Ra6 Kd8 93. Ra8+ Kc7 94. Ke7 Kb6 95. Rc8 Kb5 96. Ke6 Kb4
97. Ke5 Kb3 98. Be6+ Kb2 99. Rb8+ Kc3 1/2-1/2

[Event "XL C.to Italiano"]
[Site "Napoli ITA"]
[Date "1981.03.??"]
[Round "6"]
[White "Taruffi, Daniele"]
[Black "Cocchi, Andrea"]
[Result "1/2-1/2"]
[WhiteElo "2325"]
[BlackElo "2245"]
[PlyCount "80"]
[EventDate "1981.03.14"]

1. e4 c5 2. Nf3 e6 3. c3 b6 4. d4 Bb7 5. Bd3 Nf6 6. Nbd2 cxd4 7. cxd4 Nc6 8. a3
Be7 9. O-O O-O 10. Re1 Rc8 11. b4 d6 12. Nb3 Re8 13. Bd2 Nb8 14. Bc1 Nbd7 15.
Bb2 Qc7 16. Qe2 Nf8 17. Nfd2 Ng6 18. g3 Bf8 19. a4 d5 20. e5 Ne4 21. b5 Bb4 22.
Rec1 Qd7 23. Nxe4 dxe4 24. Bxe4 Bxe4 25. Qxe4 Ne7 26. Rxc8 Rxc8 27. Rc1 Nd5 28.
Qd3 Rc7 29. Qb1 a6 30. Qd3 axb5 31. axb5 Rxc1+ 32. Bxc1 Nc7 33. Qc4 Be7 34. Qc6
Qxc6 35. bxc6 Kf8 36. Kf1 Ke8 37. Nd2 Nb5 38. Nc4 Nxd4 39. Nxb6 Nxc6 40. Nc4
Kd7 1/2-1/2